Spectrum's question bank Indian history / (Record no. 130415)

MARC details
000 -LEADER
fixed length control field 00726nam a22002297a 4500
005 - DATE AND TIME OF LATEST TRANSACTION
control field 20170124110111.0
010 ## - LIBRARY OF CONGRESS CONTROL NUMBER
LC control number B-036152
020 ## - INTERNATIONAL STANDARD BOOK NUMBER
Terms of availability 140.00
International Standard Book Number 8178050153
035 ## - SYSTEM CONTROL NUMBER
System control number B-036152
037 ## - SOURCE OF ACQUISITION
Source of stock number/acquisition Cen Lib/Ret
040 ## - CATALOGING SOURCE
Original cataloging agency DPL
Language of cataloging EN
082 ## - DEWEY DECIMAL CLASSIFICATION NUMBER
Classification number 954
Item number SPE
245 ## - TITLE STATEMENT
Title Spectrum's question bank Indian history /
Statement of responsibility, etc compiled by A.V.Lavaly Nath; edited by Kalpana Rajaram
260 ## - PUBLICATION, DISTRIBUTION, ETC. (IMPRINT)
Place of publication, distribution, etc New Delhi
Name of publisher, distributor, etc Spectrum India
Date of publication, distribution, etc 2001
270 ## - ADDRESS
Address C2D-61A, Janakpuri
Postal code 110058
City New Delhi
300 ## - PHYSICAL DESCRIPTION
Extent iii,263p. :
Dimensions 23cm(Hb)
Other physical details ill.
650 ## - SUBJECT ADDED ENTRY--TOPICAL TERM
Topical term or geographic name as entry element India--History
9 (RLIN) 24174
650 ## - SUBJECT ADDED ENTRY--TOPICAL TERM
Topical term or geographic name as entry element History question bank
9 (RLIN) 29149
700 ## - ADDED ENTRY--PERSONAL NAME
Personal name Nath, A.V.Lavaly
9 (RLIN) 104534
700 ## - ADDED ENTRY--PERSONAL NAME
Personal name Kalpana Rajaram
9 (RLIN) 29151
942 ## - ADDED ENTRY ELEMENTS (KOHA)
Source of classification or shelving scheme Dewey Decimal Classification
Koha item type English Books
Classification part 954
Call number suffix SPE
Holdings
Withdrawn status Lost status Damaged status Not for loan Home library Current library Date acquired Source of acquisition Cost, normal purchase price Total Checkouts Full call number Barcode Date last seen Date checked out Copy number Cost, replacement price Price effective from Koha item type
        Central Library Central Library 09/07/2015 Cen Lib/Ret 140.00 1 954 SPE B-036152 25/05/2023 11/05/2023 1 140.00 15/09/2016 English Books

© Delhi Public Library
Hit Counter
free hit counter